載入...

Cristhu veendum krusikkappettu /

書目詳細資料
主要作者: Kasant Zakkeez
語言:Undetermined
出版: Thiruvananthapuram : Prabhath Book House , 2014.
版:2nd ed.
LEADER 00572nam a2200169Ia 4500
001 191410
008 170722s9999 xx 000 0 und d
020 |a 8177052664 
100 |a Kasant Zakkeez 
245 |a Cristhu veendum krusikkappettu / 
250 |a 2nd ed. 
260 |a Thiruvananthapuram :  |b Prabhath Book House ,  |c 2014. 
300 |a 702 p. 
923 |d 20151214  |n 001058 
942 |c GEN 
999 |c 154978  |d 154978 
952 |0 0  |1 0  |4 0  |6 O_133MKAC_32Q4  |7 0  |9 217765  |a LIB  |b LIB  |d 2016-01-14  |e Mathrubhumi Books  |l 7  |o O13,3MKA,C 32Q4  |p 300461  |r 2019-05-20  |s 2019-04-20  |v 560.00  |w 2017-08-12  |y GEN